000 00307nam a22001337a 4500
008 180917b xxu||||| |||| 00| 0 eng d
020 _a9781451128345
041 _aeng
080 _26 ED
_a615
100 _a5
101 _aFAR
245 _aFocus On Nursing Pharmacology
_cKarchAM
942 _2udc
_cBK
999 _c47839
_d47839